[Event "Team B15 chess final 2018"]
[Site "Sochi"]
[Date "2018.05.09"]
[Round "8.1"]
[White "Ril, Evgeny"]
[Black "Kharitonov, Egor"]
[Result "1-0"]
[WhiteElo "1754"]
[BlackElo "2045"]
[PlyCount "163"]
[EventDate "2018.05.01"]

1. e4 c5 2. Nf3 e6 3. d4 cxd4 4. Nxd4 a6 5. c4 Nf6 6. Nc3 Bb4 7. Qd3 Nc6 8.
Nxc6 dxc6 9. Qxd8+ Kxd8 10. e5 Ne4 11. a3 Bxc3+ 12. bxc3 Nc5 13. Be3 Nd7 14.
O-O-O Ke7 15. Bf4 c5 16. h4 b6 17. Rh3 Bb7 18. Rg3 Rhg8 19. Bd3 g6 20. Bc2 Rgd8
21. Rgd3 f6 22. Ba4 b5 23. exf6+ Nxf6 24. cxb5 Rxd3 25. Rxd3 axb5 26. Bxb5 Be4
27. Bd6+ Kf7 28. Rd1 Rxa3 29. Kb2 Ra7 30. c4 Rb7 31. Kb3 Bc6 32. Bxc5 Bxb5 33.
cxb5 Rxb5+ 34. Kc4 Rb2 35. Kd3 e5 36. Re1 Ke6 37. Rxe5+ Kxe5 38. Bd4+ Kf5 39.
Bxb2 Nd5 40. g3 h6 41. Bg7 h5 42. Bd4 Nb4+ 43. Ke3 Nc2+ 44. Kd3 Nb4+ 45. Ke2
Nc6 46. Bc3 Ne7 47. f3 Nd5 48. Bd2 Ne7 49. Kf2 Nc6 50. Bc3 Ne7 51. Kg2 Nd5 52.
Bd2 Nc7 53. Kh3 Nd5 54. g4+ hxg4+ 55. fxg4+ Kf6 56. Kg3 Kf7 57. Kf3 Nc7 58. Ke4
Kg7 59. Ke5 Kh7 60. Bb4 Nb5 61. Kf6 Nd4 62. Be1 Nf3 63. Bf2 Kh6 64. Bg3 Kh7 65.
g5 Nd2 66. Kf7 Nf3 67. Bf2 Ne5+ 68. Ke6 Ng4 69. Bg1 Kg7 70. Kd5 Kf7 71. Ke4 Ke6
72. Bd4 Nh2 73. Bc3 Nf1 74. Kf4 Nh2 75. Bd2 Nf1 76. Bc1 Nh2 77. Kg3 Nf1+ 78.
Kg2 Kf5 79. Kxf1 Kg4 80. Kf2 Kxh4 81. Kf3 Kh5 82. Kf4 1-0

[Event "Team B15 chess final 2018"]
[Site "Sochi"]
[Date "2018.05.09"]
[Round "8.2"]
[White "Kuzmin, Roman"]
[Black "Tsybulkin, Ivan"]
[Result "1/2-1/2"]
[WhiteElo "1950"]
[BlackElo "1814"]
[PlyCount "81"]
[EventDate "2018.05.01"]

1. e4 d5 2. exd5 Qxd5 3. Nc3 Qd6 4. d4 c6 5. Nf3 Nf6 6. Be2 Bg4 7. h3 Bxf3 8.
Bxf3 e6 9. O-O Be7 10. Be3 O-O 11. Ne2 Nbd7 12. c4 e5 13. Ng3 g6 14. Qd2 exd4
15. Qxd4 Qxd4 16. Bxd4 Nc5 17. Rad1 Ne6 18. Bc3 Rfd8 19. Rxd8+ Rxd8 20. Rd1 Ng5
21. Rxd8+ Bxd8 22. Be2 Nfe4 23. Nxe4 Nxe4 24. Bd4 a6 25. Bd3 Bf6 26. Bxf6 Nxf6
27. f3 Kf8 28. Kf2 Ke7 29. Ke3 Ke6 30. f4 Nd7 31. Kd4 Kf6 32. Bc2 h5 33. g4
hxg4 34. hxg4 a5 35. a3 b6 36. Bd1 Nc5 37. b4 axb4 38. axb4 Ne6+ 39. Ke4 c5 40.
b5 Nd4 41. g5+ 1/2-1/2

[Event "Team B15 chess final 2018"]
[Site "Sochi"]
[Date "2018.05.09"]
[Round "8.3"]
[White "Bratov, Ademir"]
[Black "Garifullina, Leya"]
[Result "1-0"]
[WhiteElo "1627"]
[BlackElo "2061"]
[PlyCount "115"]
[EventDate "2018.05.01"]

1. e4 e6 2. d4 d5 3. e5 c5 4. c3 Nc6 5. Nf3 Bd7 6. Be2 f6 7. O-O fxe5 8. Nxe5
Nxe5 9. dxe5 Qc7 10. f4 Ne7 11. Na3 a6 12. Nc2 Nc6 13. Ne3 O-O-O 14. Qc2 g6 15.
Ng4 Be7 16. Be3 Rdf8 17. a4 Kb8 18. Qd2 Na5 19. Qc2 c4 20. Nf6 Bc8 21. Bd1 Nb3
22. Ra2 Nc5 23. Qe2 Nd7 24. Nxd7+ Bxd7 25. Bd4 Bc5 26. Qe3 Bxd4 27. Qxd4 Rf7
28. b3 cxb3 29. Bxb3 Rc8 30. Rc2 Qc5 31. g3 Qxd4+ 32. cxd4 Rxc2 33. Bxc2 Be8
34. g4 Rc7 35. Bb1 Bxa4 36. f5 Bb5 37. fxg6 hxg6 38. Rf8+ Ka7 39. Bxg6 Rg7 40.
Bh5 a5 41. h4 a4 42. g5 a3 43. Rf3 Kb6 44. Rxa3 Rc7 45. Rg3 Rc1+ 46. Kh2 Rc2+
47. Rg2 Rc7 48. Bg4 Bf1 49. Rf2 Bd3 50. Bxe6 Be4 51. h5 Rc1 52. Bh3 Rh1+ 53.
Kg3 Rg1+ 54. Bg2 Re1 55. g6 Re3+ 56. Kf4 Rd3 57. Bxe4 dxe4 58. g7 1-0

[Event "Team B15 chess final 2018"]
[Site "Sochi"]
[Date "2018.05.09"]
[Round "8.4"]
[White "Pingin, Artem"]
[Black "Druchenko, Mikhail"]
[Result "1-0"]
[WhiteElo "1972"]
[BlackElo "1822"]
[PlyCount "49"]
[EventDate "2018.05.01"]

1. e4 e5 2. Nf3 Nc6 3. Bb5 Nd4 4. Nxd4 exd4 5. O-O Bc5 6. Bc4 h5 7. c3 d6 8.
cxd4 Bxd4 9. Qa4+ Bd7 10. Bxf7+ Kxf7 11. Qxd4 Nf6 12. Nc3 Re8 13. d3 Bc6 14.
Bg5 Qd7 15. f4 a6 16. Rae1 Rad8 17. Nd5 Bxd5 18. Bxf6 gxf6 19. Qxd5+ Kg6 20.
Re3 h4 21. f5+ Kg5 22. Rh3 Rg8 23. Qd4 Qh7 24. Qe3+ Kh5 25. Rxh4+ 1-0

[Event "Team B15 chess final 2018"]
[Site "Sochi"]
[Date "2018.05.09"]
[Round "8.1"]
[White "Kopylov, Artem"]
[Black "Grachev, Alexey"]
[Result "0-1"]
[WhiteElo "1696"]
[BlackElo "2220"]
[PlyCount "88"]
[EventDate "2018.05.01"]

1. d4 Nf6 2. c4 c5 3. d5 e6 4. Nc3 exd5 5. cxd5 d6 6. Nf3 g6 7. Nd2 Bg7 8. Nc4
O-O 9. Bf4 Ne8 10. e3 b6 11. Be2 Ba6 12. a4 Bxc4 13. Bxc4 Nd7 14. O-O Ne5 15.
Be2 Nc7 16. Qd2 a6 17. e4 Rb8 18. Bh6 b5 19. Bxg7 Kxg7 20. f4 Nd7 21. axb5 axb5
22. b3 Re8 23. Bd3 Rb7 24. Qe2 Qf6 25. Bxb5 Qxc3 26. Bxd7 Qd4+ 27. Qf2 Rxe4 28.
Qxd4+ Rxd4 29. Rad1 Rxd1 30. Rxd1 Rxb3 31. Bc6 c4 32. Rc1 c3 33. Kf2 Na6 34.
Ba4 Ra3 35. Bc6 Nb4 36. Ke3 Rb3 37. Ba4 Rb2 38. Kf3 Na2 39. Rc2 Rxc2 40. Bxc2
Nb4 41. Be4 c2 42. Bxc2 Nxc2 43. g4 f5 44. g5 Nb4 0-1

[Event "Team B15 chess final 2018"]
[Site "Sochi"]
[Date "2018.05.09"]
[Round "8.2"]
[White "Ponomarev, Grigori"]
[Black "Kuznetsova, Olga"]
[Result "1-0"]
[WhiteElo "2225"]
[BlackElo "1439"]
[PlyCount "51"]
[EventDate "2018.05.01"]

1. e4 c5 2. Nf3 e6 3. Nc3 a6 4. g3 Qc7 5. Bg2 b5 6. O-O Bb7 7. d3 d6 8. a4 b4
9. Ne2 g6 10. c3 Bg7 11. cxb4 cxb4 12. Bd2 a5 13. Rc1 Qd7 14. Ned4 Nc6 15. Nxc6
Bxc6 16. e5 Bxa4 17. b3 Bc6 18. exd6 Qxd6 19. Bf4 e5 20. Rxc6 Qxc6 21. Nxe5 Qa6
22. Bc6+ Kf8 23. Nd7+ Ke7 24. Re1+ Kd8 25. Nb8 Rxb8 26. Re8# 1-0

[Event "Team B15 chess final 2018"]
[Site "Sochi"]
[Date "2018.05.09"]
[Round "8.3"]
[White "Kuznetsova, Yulia"]
[Black "Minachev, Maksim"]
[Result "1-0"]
[WhiteElo "1319"]
[BlackElo "2026"]
[PlyCount "61"]
[EventDate "2018.05.01"]

1. e4 c5 2. Nf3 Nc6 3. d4 cxd4 4. Nxd4 Nf6 5. Nc3 d6 6. Nb3 e5 7. f3 Be6 8. Be3
Be7 9. Qd2 O-O 10. O-O-O a6 11. g4 b5 12. h4 Bxb3 13. axb3 Qa5 14. Kb1 Nb4 15.
Qf2 Qd8 16. Bh3 Rc8 17. g5 Nd7 18. h5 Nxc2 19. Kxc2 b4 20. g6 bxc3 21. h6 cxb2+
22. Kxb2 hxg6 23. hxg7 Kxg7 24. Bxd7 Qxd7 25. Bh6+ Kg8 26. Qh2 f6 27. Bxf8 Kxf8
28. Qh8+ Kf7 29. Qh7+ Ke6 30. Qxg6 Rd8 31. Rh7 1-0

[Event "Team B15 chess final 2018"]
[Site "Sochi"]
[Date "2018.05.09"]
[Round "8.4"]
[White "Babakekhyan, Artem"]
[Black "Komaev, Tamerlan"]
[Result "1-0"]
[WhiteElo "2042"]
[BlackElo "1184"]
[PlyCount "55"]
[EventDate "2018.05.01"]

1. Nf3 c5 2. g3 Nc6 3. d4 cxd4 4. Nxd4 g6 5. Bg2 Bg7 6. Nb3 Nf6 7. O-O O-O 8.
Nc3 d6 9. h3 Be6 10. e4 Qd7 11. Kh2 Rfd8 12. Nd5 Bxd5 13. exd5 Ne5 14. Qe2 Rac8
15. c3 Qc7 16. Re1 Bf8 17. Bg5 Ned7 18. Nd4 h6 19. Be3 a6 20. Qd2 Nb6 21. Bxh6
Nbxd5 22. Bxf8 Kxf8 23. Qh6+ Kg8 24. Bxd5 Nxd5 25. Re4 e5 26. Rh4 f5 27. Qh8+
Kf7 28. Rh7# 1-0

[Event "Team B15 chess final 2018"]
[Site "Sochi"]
[Date "2018.05.09"]
[Round "8.1"]
[White "Balayan, Eduard"]
[Black "Kirushin, Ivan"]
[Result "1-0"]
[WhiteElo "1387"]
[BlackElo "1800"]
[PlyCount "155"]
[EventDate "2018.05.01"]
[BlackTeam "Ð¡Ð¨ÐžÐ  "]

1. e4 e5 2. Nf3 Nc6 3. Bb5 Nf6 4. Bxc6 dxc6 5. O-O Nxe4 6. Re1 Nd6 7. Rxe5+ Be7
8. Qe2 Bg4 9. b3 f6 10. Re3 Nf5 11. Re4 Bxf3 12. Qxf3 Nd6 13. Re2 Qd7 14. Bb2
O-O-O 15. Qe3 Qg4 16. f3 Qf5 17. Nc3 Rhe8 18. d3 Nc4 19. Qc1 Bc5+ 20. Kh1 Nxb2
21. Rxe8 Rxe8 22. Ne4 Bd4 23. c3 Nxd3 24. Qd2 Rxe4 25. fxe4 Nf2+ 26. Kg1 Nh3+
27. Kh1 Nf2+ 28. Kg1 Nd3+ 29. cxd4 Qxe4 30. Rd1 Qxd4+ 31. Kf1 Qf4+ 32. Qxf4
Nxf4 33. Kf2 Nd5 34. Rd3 g6 35. g4 Nf4 36. Rd4 Ne6 37. Ra4 a6 38. h4 Kd7 39.
Re4 c5 40. Re3 b5 41. Kf3 Nd4+ 42. Ke4 Kd6 43. Re1 c6 44. Rf1 Ke6 45. b4 Nc2
46. bxc5 Nb4 47. Rd1 Nd5 48. Kd4 a5 49. Re1+ Kf7 50. a3 Nf4 51. Ke4 Ne6 52. Rc1
Ke7 53. Ke3 Nc7 54. Re1 Ne6 55. Rc1 Nc7 56. Ke4 Ne6 57. h5 Nc7 58. hxg6 hxg6
59. Rh1 Nd5 60. Rh7+ Ke6 61. Ra7 a4 62. Kd4 Nf4 63. Rc7 Ne2+ 64. Ke3 Nc3 65.
Rxc6+ Kd5 66. Rxf6 Kxc5 67. Rxg6 b4 68. Kd3 Nd5 69. axb4+ Nxb4+ 70. Kc3 Nd5+
71. Kb2 Kd4 72. Ra6 Nf4 73. Rxa4+ Ke5 74. Kc3 Ng6 75. Kd3 Kf6 76. Ke3 Kg5 77.
Kf3 Kh4 78. Ra5 1-0

[Event "Team B15 chess final 2018"]
[Site "Sochi"]
[Date "2018.05.09"]
[Round "8.2"]
[White "Smelykh, Edvin"]
[Black "Korobchenko, Yuri"]
[Result "1/2-1/2"]
[WhiteElo "1937"]
[BlackElo "1470"]
[PlyCount "80"]
[EventDate "2018.05.01"]
[WhiteTeam "Ð¡Ð¨ÐžÐ  "]

1. e4 c6 2. d4 d5 3. Nc3 dxe4 4. Nxe4 Nd7 5. Ng5 Ngf6 6. Bc4 e6 7. Qd3 Nb6 8.
Bb3 Bd6 9. N1f3 h6 10. Ne4 Nxe4 11. Qxe4 Nd5 12. O-O Nf6 13. Qd3 O-O 14. Rd1 b6
15. c4 Bb7 16. Qe2 Qc7 17. h3 Rac8 18. Be3 c5 19. Rac1 cxd4 20. Bxd4 Ne4 21.
Nd2 Nxd2 22. Rxd2 Bf4 23. Be3 Bxe3 24. Qxe3 Rfd8 25. Rcd1 Rxd2 26. Rxd2 Rd8 27.
Bc2 Rxd2 28. Qxd2 f5 29. Qe3 Kf7 30. b3 g5 31. Qd4 Qc6 32. f3 Qc5 33. Qxc5 bxc5
34. Kf2 Kf6 35. Ke3 Ke5 36. Bd1 a5 37. a3 Ba6 38. a4 Bb7 39. Bc2 Bc6 40. Bd1
Bb7 1/2-1/2

[Event "Team B15 chess final 2018"]
[Site "Sochi"]
[Date "2018.05.09"]
[Round "8.3"]
[White "Zhugin, Nikolay"]
[Black "Fridman, Roman A"]
[Result "1-0"]
[WhiteElo "1352"]
[BlackElo "1735"]
[PlyCount "125"]
[EventDate "2018.05.01"]
[BlackTeam "Ð¡Ð¨ÐžÐ  "]

1. c4 Nf6 2. g3 g6 3. Bg2 Bg7 4. e3 d6 5. Ne2 O-O 6. O-O c5 7. Nbc3 Nc6 8. d4
Bd7 9. b3 Qc8 10. Bb2 Bh3 11. Nf4 Bxg2 12. Kxg2 cxd4 13. exd4 Rd8 14. Re1 Nxd4
15. Qxd4 e5 16. Ncd5 Qc6 17. Kg1 exd4 18. Ne7+ Kf8 19. Nxc6 bxc6 20. Bxd4 Nd7
21. Bxg7+ Kxg7 22. Rad1 Ne5 23. Kg2 g5 24. Nd3 Nxd3 25. Rxd3 Rd7 26. b4 Rb8 27.
Rb1 Kf8 28. b5 cxb5 29. cxb5 Ke7 30. a4 Rdb7 31. Re1+ Kd7 32. Rd5 h6 33. Rf5
Kd8 34. Rf6 Rd7 35. Rxh6 Kc7 36. Rc1+ Kb7 37. h4 gxh4 38. Rxh4 d5 39. Rd4 Rd6
40. f4 Kb6 41. Kf3 Re8 42. g4 Re7 43. g5 Re8 44. f5 Rg8 45. Kf4 a6 46. bxa6
Kxa6 47. Rc5 f6 48. gxf6 Rxf6 49. Rcxd5 Kb7 50. Rd6 Rff8 51. Ke5 Rg5 52. Rf4
Kc7 53. Rf6 Re8+ 54. Re6 Rf8 55. a5 Kb7 56. Rg6 Rh5 57. Ke6 Kc7 58. a6 Ra8 59.
a7 Kc6 60. f6 Rhh8 61. f7 Rhf8 62. Ke7+ Kd5 63. Ra4 1-0

[Event "Team B15 chess final 2018"]
[Site "Sochi"]
[Date "2018.05.09"]
[Round "8.4"]
[White "Gaer, Margarita"]
[Black "Pashinin, Maxim"]
[Result "1-0"]
[WhiteElo "1661"]
[BlackElo "1248"]
[PlyCount "123"]
[EventDate "2018.05.01"]
[WhiteTeam "Ð¡Ð¨ÐžÐ  "]

1. d4 Nf6 2. Nf3 g6 3. Bf4 Bg7 4. e3 O-O 5. Bd3 d6 6. Nbd2 Nbd7 7. c3 Re8 8.
Qc2 e5 9. Bg3 Nh5 10. Bh4 Bf6 11. Bxf6 Ndxf6 12. O-O-O Qe7 13. dxe5 dxe5 14.
Bc4 h6 15. Qxg6+ Ng7 16. Nxe5 Qxe5 17. Bxf7+ Kf8 18. Bxe8 Nfxe8 19. Qxh6 Be6
20. Qf4+ Qxf4 21. exf4 a5 22. h4 Nh5 23. g3 Bxa2 24. b3 a4 25. Kb2 axb3 26.
Nxb3 Bxb3 27. Kxb3 Ra6 28. Rd4 Nef6 29. f5 c5 30. Rc4 Rc6 31. Ka4 Nd5 32. Kb3
b5 33. Re4 c4+ 34. Kb2 Ra6 35. Rd1 Ra2+ 36. Kxa2 Nxc3+ 37. Ka3 Nxe4 38. Rd8+
Kg7 39. g4 Nf4 40. Rd4 Nd3 41. Rxe4 b4+ 42. Ka2 b3+ 43. Ka3 b2 44. Ka2 c3 45.
Rc4 Nc1+ 46. Kb1 Ne2 47. Kc2 Kf6 48. Re4 Nc1 49. Re6+ Kf7 50. g5 Nb3 51. Re1
Nd2 52. h5 Nf3 53. g6+ Kf6 54. Re6+ Kg7 55. f6+ Kh6 56. Rb6 Nd2 57. f7 Kg7 58.
h6+ Kxh6 59. f8=Q+ Kg5 60. Qf6+ Kg4 61. Rb4+ Kh3 62. Qxc3+ 1-0

[Event "Team B15 chess final 2018"]
[Site "Sochi"]
[Date "2018.05.09"]
[Round "8.1"]
[White "Makarian, Rudik"]
[Black "Kuznetsov, Sergey"]
[Result "1-0"]
[WhiteElo "2378"]
[BlackElo "1708"]
[PlyCount "113"]
[EventDate "2018.05.01"]

1. d4 e6 2. c4 f5 3. Nc3 Nf6 4. e3 Be7 5. Bd3 O-O 6. Nge2 d6 7. Ng3 c6 8. O-O
Qe8 9. Qe2 h5 10. e4 h4 11. Nh1 Bd8 12. e5 dxe5 13. dxe5 Nfd7 14. f4 Nc5 15.
Bc2 a5 16. Nf2 b6 17. Be3 Nbd7 18. b3 Ba6 19. a3 Bb7 20. Nh3 Be7 21. Bf2 Qg6
22. Rad1 Rfd8 23. Qe1 Na6 24. Bxh4 c5 25. Qg3 Qxg3 26. hxg3 Kf8 27. Ng5 Nc7 28.
Nb5 Nxb5 29. Nxe6+ Ke8 30. cxb5 Bxh4 31. gxh4 Rdc8 32. Bxf5 Ke7 33. Rxd7+ Kxd7
34. Nxc5+ Ke7 35. Nxb7 Rc3 36. Nd6 Rxb3 37. Bc8 Rxa3 38. f5 Rc3 39. Bb7 Rf8 40.
Ne4 Rc7 41. Bd5 a4 42. f6+ gxf6 43. exf6+ Kd8 44. Ng5 Kc8 45. Ne6 Rd7 46. Bc6
Rdd8 47. Nxf8 Rxf8 48. g4 a3 49. g5 a2 50. Ra1 Kc7 51. Rxa2 Kd6 52. Re2 Kc7 53.
h5 Kd6 54. h6 Kc7 55. h7 Kd6 56. g6 Kc7 57. g7 1-0

[Event "Team B15 chess final 2018"]
[Site "Sochi"]
[Date "2018.05.09"]
[Round "8.2"]
[White "Matushchak, Nikita"]
[Black "Zhuk, Kirill"]
[Result "0-1"]
[WhiteElo "1737"]
[BlackElo "2002"]
[PlyCount "106"]
[EventDate "2018.05.01"]

1. e4 e5 2. Nf3 Nc6 3. d4 exd4 4. Nxd4 Bc5 5. Be3 Qf6 6. c3 Qg6 7. Nd2 Nf6 8.
h4 h5 9. Nxc6 Bxe3 10. Ne5 Bxd2+ 11. Qxd2 Qxe4+ 12. Qe2 Qxe2+ 13. Bxe2 O-O 14.
Nd3 d5 15. O-O-O g6 16. Rhe1 Bf5 17. f3 Bxd3 18. Rxd3 c6 19. g4 Rfe8 20. Rdd1
hxg4 21. fxg4 Re7 22. Bf3 Rae8 23. Rxe7 Rxe7 24. g5 Nd7 25. Kc2 Re3 26. Rf1 Ne5
27. Bd1 Nc4 28. Rh1 Rg3 29. Kb1 Ne3 30. Be2 Kf8 31. a3 Rg2 32. Re1 Nf5 33. c4
Nxh4 34. cxd5 cxd5 35. Bd3 Rxg5 36. Rh1 Nf5 37. Rh8+ Ke7 38. Ra8 Kd7 39. Rxa7
Nd6 40. Ra8 f5 41. Rg8 Rg2 42. b4 Ne4 43. a4 f4 44. b5 f3 45. a5 Nd2+ 46. Kc2
Nc4+ 47. Kc3 Nxa5 48. Rg7+ Kd6 49. Kd4 f2 50. Ke3 Rg3+ 51. Kxf2 Rxd3 52. Rxg6+
Kc5 53. Ke2 Rb3 0-1

[Event "Team B15 chess final 2018"]
[Site "Sochi"]
[Date "2018.05.09"]
[Round "8.3"]
[White "Zakirov, Artur"]
[Black "Derevschikov, Nikita"]
[Result "1-0"]
[WhiteElo "1922"]
[BlackElo "1593"]
[PlyCount "79"]
[EventDate "2018.05.01"]

1. e4 g6 2. d4 d6 3. Nc3 Bg7 4. Be3 a6 5. Qd2 b5 6. f3 Bb7 7. g4 Nd7 8. Nge2 e6
9. Bg2 Nb6 10. b3 Nd7 11. Ng3 c5 12. Nce2 Rc8 13. Rd1 c4 14. O-O a5 15. f4 Ngf6
16. g5 Ng4 17. f5 Nxe3 18. Qxe3 Rc7 19. f6 Bf8 20. d5 e5 21. Nc3 b4 22. Na4 c3
23. a3 Ba6 24. Rfe1 h6 25. h4 hxg5 26. hxg5 Bb5 27. axb4 axb4 28. Bf1 Bxf1 29.
Rxf1 Qc8 30. Kg2 Nc5 31. Rh1 Rxh1 32. Rxh1 Nxa4 33. bxa4 Rc4 34. Qb6 Rd4 35.
Rh8 Rd2+ 36. Kf3 Kd7 37. Rxf8 Qxf8 38. Qc6+ Kd8 39. Qa8+ Kd7 40. Qxf8 1-0

[Event "Team B15 chess final 2018"]
[Site "Sochi"]
[Date "2018.05.09"]
[Round "8.4"]
[White "Maisakov, Mikhail"]
[Black "Larichev, Prokhor"]
[Result "0-1"]
[WhiteElo "1561"]
[BlackElo "1772"]
[PlyCount "60"]
[EventDate "2018.05.01"]

1. e4 c5 2. Nf3 e6 3. d4 cxd4 4. Nxd4 a6 5. a4 Nf6 6. Nc3 Qc7 7. Be2 b6 8. O-O
Bb7 9. Qd3 d6 10. Bg5 Nbd7 11. f3 Be7 12. Rfe1 O-O 13. Bf1 Rac8 14. Qe3 Ne5 15.
Rad1 Nc4 16. Bxc4 Qxc4 17. Nb3 Qc7 18. Qf2 Ng4 19. Qh4 Bxg5 20. Qxg5 Ne5 21.
Nd2 Rfd8 22. Re3 Qc5 23. Nb3 Nxf3+ 24. gxf3 Qxg5+ 25. Kf2 d5 26. exd5 Bxd5 27.
Rg1 Qh4+ 28. Kg2 Bxb3 29. cxb3 Rxc3 30. Rxc3 Rd2+ 0-1

[Event "Team B15 chess final 2018"]
[Site "Sochi"]
[Date "2018.05.10"]
[Round "9.1"]
[White "Tsoi, Dmitry"]
[Black "Makarian, Rudik"]
[Result "1/2-1/2"]
[WhiteElo "2348"]
[BlackElo "2378"]
[PlyCount "135"]
[EventDate "2018.05.01"]

1. Nf3 Nf6 2. g3 d5 3. Bg2 c5 4. O-O Nc6 5. d3 e5 6. c4 d4 7. a3 a5 8. e3 Be7
9. exd4 cxd4 10. Re1 Nd7 11. b3 O-O 12. Ra2 f5 13. Rae2 Bf6 14. b4 axb4 15.
axb4 Nxb4 16. Ba3 Rxa3 17. Nxa3 Nc5 18. Nxe5 Bxe5 19. Rxe5 Nbxd3 20. Rxc5 Nxc5
21. Bd5+ Kh8 22. Qxd4 Ne6 23. Qe5 Nc7 24. Qe7 Re8 25. Qxd8 Rxd8 26. Re7 Nxd5
27. cxd5 Kg8 28. Rc7 f4 29. Nc4 Bh3 30. gxf4 Rxd5 31. Ne3 Rb5 32. f3 Rb2 33.
Rc5 b5 34. Rh5 Be6 35. Re5 Kf7 36. f5 Ba2 37. Rc5 b4 38. Rc7+ Kf8 39. Rc8+ Ke7
40. Rb8 b3 41. Nc4 Rc2 42. Ne3 Re2 43. Nc4 Kf6 44. Rb7 h5 45. h4 Rc2 46. Ne3
Rd2 47. Rb6+ Kf7 48. Nc4 Rc2 49. Ne3 Re2 50. Nc4 Ke7 51. Kf1 Rc2 52. Ne3 Rh2
53. Nc4 Rxh4 54. Nd2 Rh2 55. Nxb3 Rb2 56. Rb7+ Kf6 57. Nc5 Rxb7 58. Nxb7 Bd5
59. Nd6 Bxf3 60. Kf2 Bg4 61. Kg3 Bxf5 62. Kh4 g6 63. Ne8+ Ke5 64. Kg5 Bg4 65.
Nf6 Bf3 66. Nh7 Bg4 67. Nf6 Be6 68. Nxh5 1/2-1/2

[Event "Team B15 chess final 2018"]
[Site "Sochi"]
[Date "2018.05.10"]
[Round "9.2"]
[White "Zhuk, Kirill"]
[Black "Murzin, Volodar"]
[Result "1/2-1/2"]
[WhiteElo "2002"]
[BlackElo "2302"]
[PlyCount "86"]
[EventDate "2018.05.01"]

1. e4 c5 2. Nf3 d6 3. d4 cxd4 4. Nxd4 Nf6 5. Nc3 a6 6. Nb3 e6 7. g4 h6 8. Be3
Be7 9. Be2 Nc6 10. Qd2 b5 11. f3 Bb7 12. O-O-O Qc7 13. Kb1 Rd8 14. Qe1 Ne5 15.
Qf2 Nfd7 16. h4 Nc4 17. Bxc4 bxc4 18. Nd4 Ne5 19. Rhg1 Nc6 20. g5 hxg5 21. Bxg5
g6 22. Bxe7 Qxe7 23. Nxc6 Bxc6 24. Qd4 Rxh4 25. Qxc4 Bb7 26. Qa4+ Kf8 27. Rh1
Kg7 28. Rxh4 Qxh4 29. Qb4 Rd7 30. Qd4+ e5 31. Qd3 Rd8 32. Nd5 Qh3 33. Qb3 Bxd5
34. exd5 Rc8 35. a3 a5 36. Rd3 Qf1+ 37. Ka2 Qe2 38. Rc3 Rxc3 39. Qxc3 a4 40.
Qc6 g5 41. Qxd6 Qc4+ 42. Kb1 Qf1+ 43. Ka2 Qc4+ 1/2-1/2

[Event "Team B15 chess final 2018"]
[Site "Sochi"]
[Date "2018.05.10"]
[Round "9.3"]
[White "Ter-Saakian, Grigorii"]
[Black "Zakirov, Artur"]
[Result "1-0"]
[WhiteElo "2066"]
[BlackElo "1922"]
[PlyCount "97"]
[EventDate "2018.05.01"]

1. Nf3 d5 2. g3 Nf6 3. Bg2 Bg4 4. O-O e6 5. d3 Nbd7 6. Nbd2 Be7 7. c4 c5 8. a3
O-O 9. Rb1 Rb8 10. h3 Bf5 11. Nh4 Bg6 12. Nxg6 hxg6 13. cxd5 Nxd5 14. Ne4 N7f6
15. Qc2 Rc8 16. b3 b5 17. Bb2 Nxe4 18. dxe4 Nb6 19. Be5 c4 20. b4 Rc6 21. Rbd1
Qc8 22. f4 c3 23. Bd4 Rd8 24. f5 exf5 25. exf5 Rcd6 26. fxg6 Rxg6 27. Rf3 Rgd6
28. Rxc3 Qe6 29. e3 Bf6 30. Rcd3 Qd7 31. Kh2 Nc4 32. Bf1 Qf5 33. Bxf6 Nxe3 34.
Bxd8 Nxc2 35. Rxd6 Ne3 36. Bg2 Nxd1 37. Rxd1 Qe5 38. Rd5 Qe8 39. Bc7 Kh7 40.
Bd6 Qe2 41. Bc5 Qa2 42. Rd3 Qc4 43. Re3 a5 44. Be4+ g6 45. Bg2 f5 46. Re7+ Kh8
47. Rd7 Qc1 48. Bd4+ Kg8 49. Bd5+ 1-0

[Event "Team B15 chess final 2018"]
[Site "Sochi"]
[Date "2018.05.10"]
[Round "9.4"]
[White "Larichev, Prokhor"]
[Black "Chertkov, Maksim"]
[Result "0-1"]
[WhiteElo "1772"]
[BlackElo "1586"]
[PlyCount "98"]
[EventDate "2018.05.01"]

1. e4 e5 2. Nf3 Nc6 3. Bb5 a6 4. Ba4 d6 5. c3 g6 6. O-O Bg7 7. d3 Nge7 8. Nbd2
O-O 9. Re1 f5 10. Bb3+ Kh8 11. Nc4 fxe4 12. dxe4 Bg4 13. Ncd2 Na5 14. Bc2 Bh6
15. h3 Bxd2 16. Bxd2 Bxf3 17. gxf3 Ng8 18. Qe2 Nf6 19. f4 exf4 20. Bxf4 Nh5 21.
Be3 Nc6 22. Bd1 Qf6 23. Qd2 Qh4 24. Bg4 Qf6 25. a4 Ne5 26. Bg5 Qf7 27. Bd1 Qe6
28. Kg2 c5 29. Qd5 Qxd5 30. exd5 Nd3 31. Re2 Nhf4+ 32. Bxf4 Nxf4+ 33. Kg3 Nxe2+
34. Bxe2 Rf5 35. c4 Raf8 36. Rf1 Rg5+ 37. Kh2 Re5 38. Bd3 Rf3 39. Bb1 Rb3 40.
Bc2 Rxb2 41. Bd1 Rb4 42. f4 Re3 43. Bg4 Rxc4 44. f5 gxf5 45. Rxf5 Rc2+ 46. Kg1
Re1+ 47. Rf1 Rxf1+ 48. Kxf1 Rd2 49. Bc8 c4 0-1

[Event "Team B15 chess final 2018"]
[Site "Sochi"]
[Date "2018.05.10"]
[Round "9.1"]
[White "Sargsyan, Anatoly"]
[Black "Mochalin, Faddey"]
[Result "1/2-1/2"]
[WhiteElo "1650"]
[BlackElo "2077"]
[PlyCount "90"]
[EventDate "2018.05.01"]

1. d4 d5 2. c4 e6 3. Nc3 c6 4. Nf3 Nf6 5. cxd5 exd5 6. Qc2 g6 7. Bg5 Be7 8. e4
dxe4 9. Bxf6 Bxf6 10. Qxe4+ Qe7 11. Bc4 O-O 12. O-O Bf5 13. Qxe7 Bxe7 14. Rfe1
Bf6 15. h3 h5 16. Ne4 Bxe4 17. Rxe4 Nd7 18. Rae1 Rfd8 19. Ne5 Bxe5 20. dxe5 Nc5
21. Rf4 Nd3 22. Bxd3 Rxd3 23. e6 Rf8 24. Rb4 b6 25. Ra4 a5 26. Rae4 Rd6 27.
exf7+ Rxf7 28. Re6 Rfd7 29. Kf1 Kf7 30. R6e3 b5 31. g3 a4 32. Rc3 Rd2 33. Re2
Rd1+ 34. Kg2 R1d2 35. Kf3 R7d6 36. Ke3 R2d5 37. Rec2 Re5+ 38. Kf3 Ree6 39. Re3
Rf6+ 40. Ke2 Rd5 41. Rec3 Re6+ 42. Re3 Rf6 43. Rec3 Re6+ 44. Re3 Rf6 45. Rec3
Re6+ 1/2-1/2

[Event "Team B15 chess final 2018"]
[Site "Sochi"]
[Date "2018.05.10"]
[Round "9.2"]
[White "Bobkov, Vadim"]
[Black "Kamaev, Dzhabrail"]
[Result "1-0"]
[WhiteElo "1933"]
[BlackElo "1956"]
[PlyCount "117"]
[EventDate "2018.05.01"]

1. d4 Nf6 2. c4 g6 3. Nc3 Bg7 4. Bg5 O-O 5. e3 d6 6. Be2 c5 7. h3 Qa5 8. Qd2 a6
9. Nf3 Nc6 10. d5 Na7 11. O-O b5 12. Bxf6 exf6 13. a4 b4 14. Ne4 Qc7 15. Ng3 f5
16. Bd3 h6 17. h4 Bd7 18. Ra2 b3 19. Ra3 a5 20. e4 fxe4 21. Nxe4 Rab8 22. Nc3
Rb4 23. Nb5 Bxb5 24. axb5 Nc8 25. Rb1 Nb6 26. h5 a4 27. Qe2 Qd7 28. hxg6 fxg6
29. Nd2 Qf7 30. Ne4 Qd7 31. Re1 Bd4 32. Raa1 Kg7 33. Rab1 Re8 34. Qf1 Rf8 35.
Qe2 Re8 36. Kh2 Qd8 37. g3 Qd7 38. Kg2 Qf7 39. f3 Qd7 40. Rh1 g5 41. f4 gxf4
42. Qh5 Rh8 43. Rbf1 Nxc4 44. Rxf4 Ne5 45. Ng5 Be3 46. Ne6+ Qxe6 47. dxe6 Bxf4
48. gxf4 Rxf4 49. e7 Nxd3 50. e8=Q Rxe8 51. Qxe8 Nxb2 52. Qe7+ Kg6 53. Qxd6+
Rf6 54. Rxh6+ Kxh6 55. Qxf6+ Kh7 56. Qxb2 c4 57. b6 Kg6 58. b7 c3 59. Qxc3 1-0

[Event "Team B15 chess final 2018"]
[Site "Sochi"]
[Date "2018.05.10"]
[Round "9.1"]
[White "Grachev, Alexey"]
[Black "Ril, Evgeny"]
[Result "1-0"]
[WhiteElo "2220"]
[BlackElo "1754"]
[PlyCount "99"]
[EventDate "2018.05.01"]

1. e4 e5 2. Nf3 Nc6 3. Bc4 Bc5 4. O-O Nf6 5. d3 d6 6. h3 Be6 7. Bxe6 fxe6 8. c3
O-O 9. a4 a5 10. Re1 Qd7 11. Be3 Bxe3 12. Rxe3 Rae8 13. Nbd2 d5 14. Qb3 Kh8 15.
Rd1 Qd6 16. d4 exd4 17. cxd4 Qb4 18. e5 Nd7 19. Qxb4 Nxb4 20. Rc1 c6 21. Nb3 b6
22. g3 h6 23. Nh4 Kh7 24. f4 g5 25. Ng2 Re7 26. Rf3 Ref7 27. Rcf1 Kg6 28. g4
Nb8 29. h4 N8a6 30. f5+ Kg7 31. hxg5 hxg5 32. Ne1 Nc7 33. R1f2 Rh8 34. Rh2 Rff8
35. Rxh8 Rxh8 36. Rg3 Rf8 37. f6+ Kg6 38. Rh3 Rf7 39. Nf3 Rh7 40. Rh5 Rf7 41.
Rxg5+ Kh7 42. Rh5+ Kg8 43. g5 Rh7 44. Rxh7 Kxh7 45. Nc1 c5 46. f7 Kg7 47. g6
Nc6 48. Ne2 Ne7 49. Nf4 Kf8 50. Ng5 1-0

[Event "Team B15 chess final 2018"]
[Site "Sochi"]
[Date "2018.05.10"]
[Round "9.2"]
[White "Bratov, Ademir"]
[Black "Ponomarev, Grigori"]
[Result "0-1"]
[WhiteElo "1627"]
[BlackElo "2225"]
[PlyCount "50"]
[EventDate "2018.05.01"]

1. e4 c5 2. Nf3 Nc6 3. d4 cxd4 4. Nxd4 Nf6 5. Nc3 e5 6. Ndb5 Bb4 7. Nd6+ Ke7 8.
Nf5+ Kf8 9. Bd3 d5 10. Ng3 dxe4 11. Ngxe4 Nxe4 12. Bxe4 Qxd1+ 13. Kxd1 Be6 14.
Be3 Rd8+ 15. Ke2 Nd4+ 16. Bxd4 exd4 17. Rhd1 Bc4+ 18. Kf3 Rd6 19. Nb1 Rf6+ 20.
Kg3 Bd6+ 21. Kh3 Rh6+ 22. Kg4 f5+ 23. Kxf5 Rf6+ 24. Kg5 h6+ 25. Kh5 Be2+ 0-1